Costa Rica: más allá de la política electoral /

Se evalua la situación costarricense, en relación a indicadores comopobreza e inserción al mercado mundial, se anotan los aspectos positivos y "las cosas que quedan por hacer", como continuar con las reformas económicas, evitar las excesivas regulaciones que entraban el quehacer de la Asam...

Celý popis

Uloženo v:
Podrobná bibliografie
Hlavní autor: Urcuyo Fournier, Constantino
Médium: Text
Jazyk:Spanish
Témata:
Tagy: Přidat tag
Žádné tagy, Buďte první, kdo vytvoří štítek k tomuto záznamu!

MARC

LEADER 00000 a a2200000 04500
001 11220
003 cru IIS
005 20221010100752.0
008 221010b |||||||| |||| 00| 0 spa d
040 |c cru IIS 
100 |a Urcuyo Fournier, Constantino  
245 |a Costa Rica:   |b más allá de la política electoral /  |c Constantino Urcuyo Fournier  
500 |a Colección Centroamérica 
520 |a Se evalua la situación costarricense, en relación a indicadores comopobreza e inserción al mercado mundial, se anotan los aspectos positivos y "las cosas que quedan por hacer", como continuar con las reformas económicas, evitar las excesivas regulaciones que entraban el quehacer de la Asamblea Legislativa, y continuar con la descentralización del poder, que se concentra en el Poder Ejecutivo, entre otras cosas. Se reflexiona sobre el papel del Estado de cara al nuevo milenio. Para el autor el diálogo y la negociación deben ser los principalesrectores de la gestión política del Gobierno entrante. SBR/SBR  
650 |a GOBIERNO  
650 |a ADMINISTRACION PUBLICA  
650 |a POLITICA  
651 0 |9 32  |a COSTA RICA 
773 |g número 35; páginas 37-39  
773 0 |0 43286  |9 6068  |a Instituto Centroamericano de Estudios Políticos  |d Guatemala: Instituto Centroamericano de Estudios Políticos, 1986-  |o 17236  |t Panorama Centroamericano:  
942 |2 ddc  |c PP 
999 |c 26220  |d 26220